Rozvoj vidieckeho turizmu v Myjavskom regióne diplomová práca

Guardado en:
Detalles Bibliográficos
Autor principal: Giertl, Martin
Autor Corporativo: Obchodná fakulta EU. Katedra služieb a cestovného ruchu - zrušené
Otros Autores: Plesník, Pavol, 1956-
Formato: Libro
Lenguaje:eslovaco
Publicado: Bratislava 2013
Etiquetas: Agregar Etiqueta
Sin Etiquetas, Sea el primero en etiquetar este registro!

MARC

LEADER 00000nbm a2200000 4500
001 0169724
005 20161109102322.6
041 0 |a slo 
044 |a SK 
245 1 0 |a Rozvoj vidieckeho turizmu v Myjavskom regióne  |b diplomová práca  |c Martin Giertl ; školiteľ: Pavol Plesník 
264 1 |a Bratislava  |c 2013 
300 |a 62 s. 
100 1 |a Giertl, Martin 
700 1 |a Plesník, Pavol, 1956- 
710 2 |a Obchodná fakulta EU. Katedra služieb a cestovného ruchu - zrušené